A treasury of traditional wisdom / (Record no. 125538)

MARC details
000 -LEADER
fixed length control field 00628nam a22002297a 4500
005 - DATE AND TIME OF LATEST TRANSACTION
control field 20170124105956.0
010 ## - LIBRARY OF CONGRESS CONTROL NUMBER
LC control number 663987
020 ## - INTERNATIONAL STANDARD BOOK NUMBER
Terms of availability 00.00
035 ## - SYSTEM CONTROL NUMBER
System control number 663987
037 ## - SOURCE OF ACQUISITION
Source of stock number/acquisition Cen Lib/Ret
040 ## - CATALOGING SOURCE
Original cataloging agency DPL
Language of cataloging EN
082 ## - DEWEY DECIMAL CLASSIFICATION NUMBER
Classification number 100
Item number PER
100 ## - MAIN ENTRY--PERSONAL NAME
Personal name Perry, Whitall N.
9 (RLIN) 14693
245 ## - TITLE STATEMENT
Title A treasury of traditional wisdom /
Statement of responsibility, etc presented by Whitall N. Perrry
260 ## - PUBLICATION, DISTRIBUTION, ETC. (IMPRINT)
Place of publication, distribution, etc London
Name of publisher, distributor, etc George Allen and Unwin Ltd
Date of publication, distribution, etc 1971
270 ## - ADDRESS
City London
300 ## - PHYSICAL DESCRIPTION
Extent 1144p. :
Dimensions 24cm(Hb)
500 ## - GENERAL NOTE
General note Includes index
650 ## - SUBJECT ADDED ENTRY--TOPICAL TERM
Topical term or geographic name as entry element Spiritual life.
9 (RLIN) 8840
650 ## - SUBJECT ADDED ENTRY--TOPICAL TERM
Topical term or geographic name as entry element Religion.
9 (RLIN) 14694
942 ## - ADDED ENTRY ELEMENTS (KOHA)
Source of classification or shelving scheme Dewey Decimal Classification
Koha item type English Books
Classification part 100
Call number suffix PER
Holdings
Withdrawn status Lost status Damaged status Not for loan Collection code Home library Current library Date acquired Source of acquisition Cost, normal purchase price Total Checkouts Full call number Barcode Date last seen Copy number Cost, replacement price Price effective from Koha item type
      Not For Loan Reference Central Library Central Library 22/06/2015 Cen Lib/Ret 0.00   100 PER 663987 22/06/2015 1 0.00 22/06/2015 English Books

© Delhi Public Library
Hit Counter
free hit counter